| 000 | 01294nam a2200265Ia 4500 | ||
|---|---|---|---|
| 003 | OSt | ||
| 005 | 20220930094810.0 | ||
| 006 | a|||||r|||| 00| 0 | ||
| 007 | ta | ||
| 008 | 220926b |||||||| |||| 00| 0 hin d | ||
| 024 | _a19603 | ||
| 037 | _cTheses | ||
| 040 |
_aCRL _cCRL _bhin |
||
| 041 |
_2hin _ahin |
||
| 100 | _aसोनिया | ||
| 110 |
_aदिल्ली विश्वविद्यालय. कला संकाय. राजनीति विज्ञान विभाग _9556309 |
||
| 245 | 0 |
_aनारी के काम का अधिकार _b दिल्ली के बवाना क्षेत्र के विशेष संदर्भ में एक विश्लेषण |
|
| 246 | _aNārī ke kām kā adhikāra: dillī ke bavānā kṣhetra ke visheṣh sandarbha mean ek vishleṣhaṇa | ||
| 260 | _c2013 | ||
| 650 |
_aनारी अधिकार _9156353 |
||
| 700 |
_a डॉ. साधना आर्य, गा. _9556310 |
||
| 700 |
_aदिल्ली विश्वविद्यालय. कला संकाय. राजनीति विज्ञान विभाग _9556311 |
||
| 942 |
_cDIS _2CC |
||
| 999 |
_c887698 _d887698 |
||